Five Extreme European Countries' Points by Direction - Statistics

General Stats
  • This quiz has been taken 738 times
  • The average score is 19 of 20
Answer Stats
Degrees Country % Correct
lat 70°05'N Finland
99%
long 31°35'E Finland
99%
lat 80°49'N Norway
98%
long 33°30'E Norway
98%
long 9°04'W Norway
98%
lat 81°51'N Russia
98%
long 69° 02′E Russia
98%
lat 69°04'N Sweden
98%
lat 34°49'S Greece
97%
lat 67°08'N Iceland
97%
long 24°32'W Iceland
97%
lat 35°30'S Italy
97%
lat 36°00'S Spain
97%
long 9°18'W Spain
97%
lat 36°57'S Portugal
96%
long 9°50'W Portugal
96%
long 10°28'W Ireland
94%
long 40°15'E Ukraine
94%
lat 35°47'S Malta
93%
long 32°46'E Belarus
90%
No matching quizzes found
Score Distribution
Percent of People with Each Score
Percentile by Number Answered
Your Score History
You have not taken this quiz